000 00664nam a2200277Ia 4500
005 20260324150113.0
008 008 260324s9999 xx 000 0 eng d
020 _a9781003207047
037 _aEBOOK
040 _aCRL
040 _beng
040 _cCRL
041 _2eng
041 _aeng
084 _qCRL
100 _aM. Perceval-Maxwell
_91225269
245 4 _aThe Scottish Migration to Ulster in the Reign of James I
260 _bTaylor and Francis
260 _c1973
365 _a
365 _b205
856 _uhttp://www.taylorfrancis.com/books/9781003207047
942 _cEBOOK
999 _c1834162
_d1834162